000 01050nam a2200277 a 4500
001 000039969
003 OSt
005 20201211075423.0
008 130801s2005 ck d 000 0 spa d
020 _a9584100386
040 _aDO-SdBNP
_bspa
_cBNPHU
082 4 _a658.4033
_bB715a 2000
_222
100 1 _aBonini, Charles P.
_966187
240 1 0 _a Quantative analysis for business decisions.
_l Español
245 1 0 _aAnálisis cuantitativo para los negocios /
_cCharles P. Bonini, Warren H. Hausman, Harold Bierman Jr. ; versión en español Cecilia Ávila de Barón.
250 _a9a ed.
260 _aBogotá :
_bMcGraw-Hill,
_c2005.
300 _a530 p. :
_bil., diagrs.,grafcs., tablas ;
_c27 cm.
650 4 _aToma de decisiones
_xModelos matemáticos
_977176
650 4 _aAdministración industral
_xModelos matemáticos
_977177
700 1 _aHausman, Warren H.
_966188
700 1 _aBierman Jr., Harold
_952526
700 1 _aÁvila de Barón, Cecilia,
_etr.
_966189
910 _aValidado. Control de calidad MFF
942 _2ddc
_cLBS1
999 _c39459
_d39459